000
00337nam a2200133Ia 4500
008
100328s9999 xx 000 0 und d
082
_b
65361
100
_a
मखामले सहदेव.
245
_a
सख्या.
260
_b
लखोटा.
630
_a
सख्या.
730
_a
सख्या.
942
_c
BOOK
999
_c
551108
_d
551105